Study on crop responses to various types of fertilizers and their future requirements in Pakistan. (Record no. 85982)

MARC details
000 -LEADER
fixed length control field 00911cam a2200253 4500
001 - CONTROL NUMBER
control field sa 68014708
003 - CONTROL NUMBER IDENTIFIER
control field DLC
005 - DATE AND TIME OF LATEST TRANSACTION
control field 20260227112634.0
008 - FIXED-LENGTH DATA ELEMENTS--GENERAL INFORMATION
fixed length control field 700212s1967 pk b 000 0 eng
010 ## - LIBRARY OF CONGRESS CONTROL NUMBER
LC control number sa 68014708
025 ## - OVERSEAS ACQUISITION NUMBER
Overseas acquisition number PL480:P-E-1317
040 ## - CATALOGING SOURCE
Original cataloging agency DLC
Transcribing agency DLC
Modifying agency DLC
050 00 - LIBRARY OF CONGRESS CALL NUMBER
Classification number HD2075.5
Item number .A337 no. 6
082 00 - DEWEY DECIMAL CLASSIFICATION NUMBER
Classification number 338.1/09549
110 1# - MAIN ENTRY--CORPORATE NAME
Corporate name or jurisdiction name as entry element Pakistan.
Subordinate unit Department of Marketing Intelligence and Agricultural Statistics.
245 10 - TITLE STATEMENT
Title Study on crop responses to various types of fertilizers and their future requirements in Pakistan.
260 ## - PUBLICATION, DISTRIBUTION, ETC.
Place of publication, distribution, etc. Rawalpindi,
Name of publisher, distributor, etc. Printed by the Manager, Govt. of Pakistan Press,
Date of publication, distribution, etc. 1967.
300 ## - PHYSICAL DESCRIPTION
Extent 34 p.
Other physical details maps.
Dimensions 24 cm.
490 1# - SERIES STATEMENT
Series statement Its S.S., 6
500 ## - GENERAL NOTE
General note Cover title.
650 #0 - SUBJECT ADDED ENTRY--TOPICAL TERM
Topical term or geographic name entry element Fertilizers
Geographic subdivision Pakistan.
650 #0 - SUBJECT ADDED ENTRY--TOPICAL TERM
Topical term or geographic name entry element Field crops
Geographic subdivision Pakistan.
810 1# - SERIES ADDED ENTRY--CORPORATE NAME
Corporate name or jurisdiction name as entry element Pakistan.
Subordinate unit Department of Marketing Intelligence and Agricultural Statistics.
Title of a work Survey series,
Volume/sequential designation 6

No items available.

Powered by Koha